Tiếp câÌ£n hiêÌ£n đaÌ£i hoaÌ£t đôÌ£ng daÌ£y vaÌ€ hoÌ£c

Saved in:
Bibliographic Details
Main Author: Đỗ, NgoÌ£c ĐaÌ£t
Format: Book
Language:Undetermined
Published: H. ĐaÌ£i hoÌ£c Quốc gia HaÌ€ NôÌ£i 1997
Subjects:
Online Access:http://lrc.tdmu.edu.vn/opac/search/detail.asp?aID=2&ID=7358
Tags: Add Tag
No Tags, Be the first to tag this record!
Institutions: Trung tâm Học liệu Trường Đại học Thủ Dầu Một
LEADER 00810nam a2200193Ia 4500
001 TDMU_7358
008 210410s9999 xx 000 0 und d
082 |a 371.3 
090 |b Đ458 
100 |a Đỗ, NgoÌ£c ĐaÌ£t 
245 0 |a Tiếp câÌ£n hiêÌ£n đaÌ£i hoaÌ£t đôÌ£ng daÌ£y vaÌ€ hoÌ£c 
245 0 |c Đỗ NgoÌ£c ĐaÌ£t 
260 |a H. 
260 |b ĐaÌ£i hoÌ£c Quốc gia HaÌ€ NôÌ£i 
260 |c 1997 
300 |a 195tr. 
650 |a HoaÌ£t đôÌ£ng daÌ£y hoÌ£c; DaÌ£y hoÌ£c; HoaÌ£t đôÌ£ng daÌ£y hoÌ£c; Phương pháp daÌ£y hoÌ£c 
856 |u http://lrc.tdmu.edu.vn/opac/search/detail.asp?aID=2&ID=7358 
980 |a Trung tâm Học liệu Trường Đại học Thủ Dầu Một